[Event "Belgrade Investbank"]
[Site "Belgrade"]
[Date "1995.??.??"]
[Round "10"]
[White "Ljubojevic, Ljubomir"]
[Black "Kramnik, Vladimir"]
[Result "0-1"]
[WhiteElo "2600"]
[BlackElo "2730"]
[Annotator "Ftacnik,L"]
[PlyCount "46"]
[EventDate "1995.11.??"]
[EventType "tourn"]
[EventRounds "11"]
[EventCountry "YUG"]
[EventCategory "17"]
[SourceTitle "CBM 051"]
[Source "ChessBase"]
[SourceDate "1996.04.01"]
[SourceVersion "1"]
[SourceVersionDate "1996.04.01"]
[SourceQuality "1"]

1. e4 {Kramnik Horvath,T} c5 2. Nf3 Nc6 3. d4 cxd4 4. Nxd4 Nf6 5. Nc3 e5 6.
Ndb5 d6 7. Bg5 a6 8. Na3 b5 9. Bxf6 gxf6 10. Nd5 Bg7 11. g3 f5 12. exf5 e4 13.
f6 $2 (13. c3 Ne5 14. Qh5 Bb7 (14... Nf3+ 15. Ke2 Bb7 16. Rd1 O-O 17. Bh3 Re8
18. Nc2 Ne5 19. Nce3 Nd3 20. f6 Bxf6 21. Bf5 Bxd5 22. Nxd5 Nxb2 23. Qxh7+ Kf8 {
Alzate,D-Ochoa de Echaguen,F/Bayamo/1984/}) 15. Rd1 b4 {Horvath,T: Ein
typischer Zug, der aber jetzt nur den Springer ins Spiel bringt.} 16. Nc4 Nf3+
(16... bxc3 17. bxc3 Nf3+ 18. Ke2 Nd4+ 19. cxd4 Bxd5 20. Ne3 Qa5 21. Bh3 Qb5+
22. Ke1 Bc6 23. Bg4 Qb4+ 24. Kf1 Bxd4 {Vaisser,A-Feher,G/Budapest Perenyi-B/
1989/}) 17. Ke2 bxc3 18. f6 Bxf6 19. Nxf6+ Qxf6 20. Nxd6+ Kf8 21. bxc3 Rb8 22.
Qc5 Kg8 23. Nxb7 Kg7 24. Rd6 Qe7 25. Rg6+ Kf8 26. Qxe7+ Kxe7 27. Rb6 Rhd8 28.
Bh3 {Madl,I-Arakhamia,K/Belgrade-W (07)/1994/1-0 (33)}) 13... Bxf6 14. Nxf6+
Qxf6 15. Qd5 (15. c3 {Horvath,T} Ne5 16. Qd5 Rb8 17. O-O-O O-O $17 18. Qxd6 Be6
) 15... O-O $1 {The refutation of white's active idea, b2P is very weak and
white is critically behind in development.} (15... Qxb2 $2 16. Qxc6+ Kd8 17.
Rd1 $18) 16. c3 (16. Qxc6 $2 Qxb2 17. Qxa8 (17. Rd1 Qxa3 18. Qxa8 Qc3+ 19. Rd2
Qa1+ 20. Rd1 Qxd1+ 21. Kxd1 Bg4+ $17) 17... Qc3+ 18. Kd1 Bg4+ $19) (16. O-O-O {
Horvath,T} Bg4 $1 17. Qxc6 (17. Qxd6 Rad8 $19) 17... Bxd1 $19) (16. Bg2 {
Kramnik} Qxb2 17. O-O $10) 16... b4 $1 (16... Bb7 17. Bg2 Rab8 $13) 17. Nc4 (
17. Qxc6 bxa3 18. Rb1 (18. Qxa8 axb2 19. Rb1 Qxc3+ $19) 18... Rb8 $17) 17...
bxc3 18. Qxd6 (18. Qxc6 cxb2 19. Nxb2 (19. Rb1 Qc3+ 20. Kd1 Bg4+ 21. Be2 Bxe2+
22. Kxe2 Qd3+ 23. Ke1 Qxb1+ $19) 19... Qxb2 $19) 18... Be6 $1 (18... Qxd6 19.
Nxd6 Nb4 20. O-O-O Nxa2+ 21. Kb1 Be6 22. Bc4 $13) 19. Qf4 {Ljubojevic
desperately tries to tame down the flames of black's activity.} (19. Qxc6 cxb2
20. Nxb2 Qxb2 $16) 19... Qg7 20. O-O-O (20. Rb1 cxb2 21. Qd2 Bxc4 22. Bxc4 Ne5
$16) 20... Nb4 {The K have found no safety on the queenside, black has miriads
of attacking ideas.} 21. Qe5 (21. Qxe4 Qg5+ (21... Rac8 $17) 22. f4 Nxa2+ 23.
Kb1 Bf5 24. fxg5 Bxe4+ 25. Kxa2 Bxh1 $17) 21... Nxa2+ 22. Kb1 (22. Kc2 Qxe5 23.
Nxe5 Rfb8 $19) 22... Qxe5 23. Nxe5 Bb3 (23... Rfb8 $19) 0-1

[Event "Belgrade Investbank"]
[Site "Belgrade"]
[Date "1995.??.??"]
[Round "11"]
[White "Kramnik, Vladimir"]
[Black "Beliavsky, Alexander G"]
[Result "1-0"]
[WhiteElo "2730"]
[BlackElo "2650"]
[Annotator "Ftacnik,L"]
[PlyCount "35"]
[EventDate "1995.11.??"]
[EventType "tourn"]
[EventRounds "11"]
[EventCountry "YUG"]
[EventCategory "17"]
[SourceTitle "CBM 051"]
[Source "ChessBase"]
[SourceDate "1996.04.01"]
[SourceVersion "1"]
[SourceVersionDate "1996.04.01"]
[SourceQuality "1"]

1. Nf3 {Giese} d5 2. g3 c6 3. Bg2 Bg4 4. O-O Nd7 5. d4 e6 6. Nbd2 f5 7. c4 Bd6
8. Qb3 Rb8 (8... Qb6 $2 9. Qe3 $1 $16 f4 10. gxf4) 9. Re1 {Black has gone to
the great lenghts to prevent e2-e4 push, but it has cost him lot of time and
some weaknesess (b7,e6).} Nh6 {Speelmans move from the game Hug,W-Speelman,J/
Altensteig (10) ;CBM 43 1994. This move I mentioned in my notes to the game
Tkachiev,V-Tregubov,P/Wijk/1995/1-0 (32) ;CBM 46.  In the texgame Kramnik
seems to demonstrate a refutation of Speelmans move!} (9... Qe7 10. Ne5 $1 (10.
Nh4 Ngf6 11. f3 g5 $1 $132) (10. h3 Bh5 11. cxd5 cxd5 12. e4 (12. g4 $1 Bf7 13.
gxf5 exf5 14. Nf1 Ngf6 15. Ne3 g6 16. Ng5 Nb6 17. a4 f4 18. Nxf7 Kxf7 19. Nxd5
Nfxd5 (19... Qe6 20. e4 Nbxd5 21. Bd2 Nc7 22. Qxe6+ Nxe6 23. e5 Nxd4 24. exd6
Rhe8) 20. a5 Kg7 21. axb6 Nxb6 22. Rxa7 Bb4 23. Bxf4 Bxe1 24. Bxb8 Rxb8 25.
Qxb6 {Maiwald,J-Slobodjan,R/Bonn GSK (04)/1995/1-0 (34)}) 12... fxe4 13. Nxe4
dxe4 14. Rxe4 Bf7 15. Ng5 Ngf6 16. Nxf7 Kxf7 17. Bg5 Rhe8 18. Rae1 Nf8 19. f4
Qd7 20. Bxf6 Kxf6 21. g4 g6 22. f5 exf5 23. gxf5 gxf5 24. Rf1 Rxe4 25. Bxe4 f4
26. Qd5 Qe6 {Terreaux,G-Sher,M/Ticino op (06)/1994/0-1}) 10... Nxe5 (10... Bh5
$5 11. cxd5 cxd5 $8 12. Nxd7 $6 (12. Ndf3 $5) (12. f3 $5) (12. Ndf3 Ngf6 13.
Bf4 O-O {0.5/Berkovich,M-Van der Wiel,J/Amsterdam Donner op (04)/ 1995}) 12...
Qxd7 13. f3 Ne7 $13) (10... Ngf6 11. Nxg4 Nxg4 12. cxd5 exd5 13. e4 O-O 14. e5
Bb4 15. a3 Ba5 16. Bxd5+ cxd5 17. Qxd5+ Kh8 18. Qxa5 f4 19. Ne4 Qf7 20. f3 Nxh2
21. Kxh2 Qh5+ 22. Kg2 fxg3 23. f4 Qh2+ 24. Kf3 {Tkachiev,V-Winants,L/Wijk op 
(10)/1995/1-0 (40)}) 11. dxe5 Bxe5 12. cxd5 exd5 13. e4 $1 fxe4 14. Nxe4 dxe4
15. Rxe4 Nf6 16. Bg5 Be6 $6 (16... Qe6 17. Qxe6+ Bxe6 18. Rxe5 Kf7 19. a4 Rhe8
20. a5 a6 21. Rae1 $14) 17. Qe3 Nd5 18. Qd2 $5 Qf7 19. Rxe5 O-O 20. Rae1 $16 {
Tkachiev,V-Tregubov,P/Wijk aan Zee/1995/1-0 (32) ;CBM 46}) (9... Ngf6 10. Ng5
Qe7 11. f3 Bh5 12. e4 h6 13. exf5 e5 14. Ne6 Bf7 15. c5 Nxc5 16. dxc5 Bxc5+ 17.
Kh1 Bd6 18. Nxg7+ Kf8 19. Ne6+ Bxe6 20. fxe6 h5 21. Bh3 {Hug,W-Lobron,E/
Garmisch-Partenkirchen 25' (02)/1994/1-0 (28)}) (9... Qf6 10. cxd5 cxd5 11. Qa4
Ne7 12. Ne5 b5 13. Qxa7 Nxe5 14. dxe5 Bxe5 15. Nf3 Bxf3 16. exf3 Nc6 17. Qc5
Kd7 18. Rxe5 Nxe5 19. Qa7+ Kd6 20. Bf4 g5 21. Be3 Rhc8 22. Bd4 Ra8 23. Qb6+ Rc6
24. Bc5+ Kd7 25. Qb7+ Rc7 26. Qxb5+ Nc6 {Drasko,M-Blagojevic,D/JUG-chT Tivat 
(02)/1995/0.5 (41)}) 10. cxd5 cxd5 11. h3 (11. Ne5 Nxe5 12. dxe5 Bc7 13. h3 Bh5
14. f4 Bb6+ 15. Kh2 O-O 16. Nf3 Bxf3 17. Bxf3 {0.5/Hug,W-Speelman,J/Altensteig
(10)/1994/ ;CBM 43}) 11... Bh5 12. e4 $3 {[%cal Ge1e8] If this move can be
tactically justified it clearly represents the strategical win.  Giese: ->[+]}
fxe4 (12... Bxf3 13. Bxf3 fxe4 14. Nxe4 dxe4 15. Qxe6+ Qe7 (15... Be7 16. Bxh6
exf3 17. Bxg7 $18) 16. Rxe4 Kd8 17. Qd5 $16) (12... dxe4 13. Qxe6+ (13. Ng5 Bf7
14. Ndxe4 fxe4 15. Nxe6) 13... Qe7 14. Ng5 Bf7) 13. Ng5 Bf7 {[#]} (13... Qxg5
14. Nxe4 Qe7 15. Bg5 (15. Nxd6+ Qxd6 16. Bf4 Qe7 17. Bxd5 $16) 15... Nf6 (15...
Qf8 16. Qxd5 $1 Be7 17. Nd6+ Kd8 18. Bxe7+ Qxe7 19. Rxe6 $18) 16. Nxd6+ Qxd6
17. Bf4 Qd8 18. Bxb8 Qxb8 19. Rxe6+ Kf7 20. Rae1 $16) (13... Qe7 {Giese} 14.
Nxe6 $1 Qxe6 (14... Nf6 15. Bxe4 dxe4 (15... Qxe6 16. Bg6+ $18) 16. Nxe4 Nxe4
17. Rxe4 {[%cal Ye6g7]} Kf7 18. Nf4+ $18) 15. Rxe4 Be5 16. Re1 $18 {[%cal
Yd4e5]}) 14. Ndxe4 $1 {[%cal Gb3g8] @} dxe4 (14... Be7 15. Nxf7 Nxf7 16. Nc3
$18) 15. Nxe6 {The trojan horse landed in the enemy's territory, white should
win.} Bxe6 (15... Qe7 16. Rxe4 $16 (16. Rxe4 {Giese} Be5 17. Nxg7+ Kf8 (17...
Kd8 18. Qa4 Qf6 19. dxe5 Qxg7 20. e6 $18) 18. Bxh6 $1 Bxb3 19. Nf5+ $18)) (
15... Ng8 16. Rxe4 Bxe6 17. Rxe6+ Be7 18. Bf4 $16) (15... Nf5 16. Rxe4 Be7 17.
Bg5 $16) (15... Qb6 {Giese} 16. Nxg7+ Kd8 17. Qxb6+ axb6 18. Bxh6 $18) (15...
Qf6 {Giese} 16. Rxe4 Be7 17. Bf4 Rd8 (17... Rc8 18. Qxb7 Bxe6 19. Qxc8+ Bd8 20.
Bg5 $1 $18) 18. d5 Nf5 (18... Bxe6 19. Rxe6 Qf7 20. d6 $18) 19. Rae1 $18 {
[%csl Rb7,Rd8,Re7][%cal Yd5d6]}) 16. Qxe6+ Qe7 (16... Be7 17. Bxh6 (17. Bf4 Rc8
18. Bxe4 Nf8 19. Qb3 $40 {[%csl Rb7][%cal Ge1e8]}) 17... gxh6 18. Bxe4 {Giese}
(18. Rxe4 Rf8 19. Rae1 (19. d5 $2 Nc5) 19... Rf7 20. Qxh6 Nf6 $132 {Giese})
18... Rf8 (18... Nf6 19. Bd3 Kf8 20. Bc4 Qe8 21. Qe3 $18) 19. Bxh7 Rf6 20. Qg4
$40) 17. Rxe4 {[%csl Rd6][%cal Ye6d6]} Kd8 (17... Nf7 18. Qd5 $18 (18. Qb3 $1
$18 {Giese})) (17... Qxe6 18. Rxe6+ Be7 19. Bxh6 Kf7 20. Rae1 Bb4 21. Bd5 Bxe1
22. Rxe1+ Kg6 23. Bxg7 Kxg7 24. Re7+ Kh6 25. Rxd7 Rhd8 26. Rxd8 Rxd8 27. Bxb7
Rxd4 28. b3 $16) 18. Qd5 (18. Qd5 Qf8 (18... Nf6 19. Rxe7 Nxd5 20. Re6 Nf5 21.
Bxd5 Nxd4 22. Rxd6+ Ke7 23. Be4 Kxd6 24. Bf4+ Kc5 25. Bxb8 Rxb8 26. Bxh7 $18)
19. Re6 (19. Bg5+ {Giese} Nf6 20. Rae1 Nf7 21. Re6 Rg8 (21... Kc7 22. Bxf6 gxf6
23. Rxf6 $18) 22. Rxf6 gxf6 23. Bxf6+ Kc7 24. Qa5+ b6 (24... Kd7 25. Qb5+ $18)
25. Qxa7+ Kc8 26. Rc1+ $18) 19... Bc7 (19... Be7 20. Rxe7 $1 Qxe7 21. Bg5 $18)
20. Bg5+ Kc8 21. Rc1 $18) 1-0

[Event "Frankfurt west sim"]
[Site "Frankfurt"]
[Date "1996.??.??"]
[Round "?"]
[White "Auer"]
[Black "Kramnik, Vladimir"]
[Result "1/2-1/2"]
[WhiteElo "2085"]
[BlackElo "2775"]
[PlyCount "41"]
[EventDate "1996.??.??"]
[EventType "simul"]
[EventRounds "1"]
[EventCountry "GER"]
[SourceTitle "EXT 2001"]
[Source "ChessBase"]
[SourceDate "2000.11.22"]
[SourceVersion "1"]
[SourceVersionDate "2000.11.22"]
[SourceQuality "1"]

1. d4 Nf6 2. c4 e6 3. Nc3 Bb4 4. Qc2 O-O 5. a3 Bxc3+ 6. Qxc3 b6 7. Bg5 Bb7 8.
e3 d6 9. Nf3 Nbd7 10. Bd3 h6 11. Bh4 c5 12. b4 cxd4 13. exd4 Rc8 14. O-O Bxf3
15. gxf3 Qc7 16. Rac1 Nh5 17. Qd2 e5 18. Bg3 exd4 19. Be4 Ndf6 20. Qxd4 Nxg3
21. hxg3 1/2-1/2

[Event "Frankfurt west sim"]
[Site "Frankfurt"]
[Date "1996.??.??"]
[Round "?"]
[White "Drill, Frank J"]
[Black "Kramnik, Vladimir"]
[Result "1/2-1/2"]
[WhiteElo "2065"]
[BlackElo "2775"]
[PlyCount "45"]
[EventDate "1996.??.??"]
[EventType "simul"]
[EventRounds "1"]
[EventCountry "GER"]
[SourceTitle "EXT 2001"]
[Source "ChessBase"]
[SourceDate "2000.11.22"]
[SourceVersion "1"]
[SourceVersionDate "2000.11.22"]
[SourceQuality "1"]

1. e4 c6 2. d4 d5 3. f3 g6 4. Nc3 Bg7 5. Be3 dxe4 6. fxe4 e5 7. dxe5 Qxd1+ 8.
Rxd1 Nd7 9. Bg5 h6 10. Bh4 g5 11. e6 gxh4 12. exd7+ Bxd7 13. Bc4 O-O-O 14. Bxf7
Ne7 15. Nge2 Bg4 16. Rxd8+ Rxd8 17. h3 Bd7 18. O-O Rf8 19. Rf3 Kc7 20. Kf2 b5
21. Ke3 Nc8 22. Bh5 Rxf3+ 23. Bxf3 1/2-1/2

[Event "Frankfurt west sim"]
[Site "Frankfurt"]
[Date "1996.??.??"]
[Round "?"]
[White "Dymmke"]
[Black "Kramnik, Vladimir"]
[Result "1/2-1/2"]
[WhiteElo "2085"]
[BlackElo "2775"]
[PlyCount "41"]
[EventDate "1996.??.??"]
[EventType "simul"]
[EventRounds "1"]
[EventCountry "GER"]
[SourceTitle "EXT 2001"]
[Source "ChessBase"]
[SourceDate "2000.11.22"]
[SourceVersion "1"]
[SourceVersionDate "2000.11.22"]
[SourceQuality "1"]

1. e4 e6 2. d4 d5 3. Nc3 dxe4 4. Nxe4 Nd7 5. Nf3 Ngf6 6. Nxf6+ Nxf6 7. Bd3 c5
8. O-O cxd4 9. Nxd4 Bc5 10. Nf3 O-O 11. Qe2 h6 12. c4 b6 13. Bf4 Bb7 14. Rad1
Qe7 15. Ne5 Rfd8 16. a3 a5 17. Rd2 Rd4 18. Be3 Rd6 19. Rfd1 Rad8 20. Bf4 Rd4
21. Be3 1/2-1/2

[Event "Frankfurt west sim"]
[Site "Frankfurt"]
[Date "1996.??.??"]
[Round "?"]
[White "Goetsche, Frank"]
[Black "Kramnik, Vladimir"]
[Result "1/2-1/2"]
[WhiteElo "1750"]
[BlackElo "2775"]
[PlyCount "38"]
[EventDate "1996.??.??"]
[EventType "simul"]
[EventRounds "1"]
[EventCountry "GER"]
[SourceTitle "EXT 2001"]
[Source "ChessBase"]
[SourceDate "2000.11.22"]
[SourceVersion "1"]
[SourceVersionDate "2000.11.22"]
[SourceQuality "1"]

1. d4 Nf6 2. c4 e6 3. Nf3 Bb4+ 4. Bd2 Qe7 5. a3 Bxd2+ 6. Nbxd2 d5 7. e3 O-O 8.
Qc2 b6 9. b4 c5 10. bxc5 bxc5 11. cxd5 cxd4 12. dxe6 dxe3 13. exf7+ Kh8 14.
fxe3 Qxe3+ 15. Be2 Ba6 16. Nc4 Bxc4 17. Qxc4 Nbd7 18. Qd4 Qxd4 19. Nxd4 Rxf7
1/2-1/2

[Event "Frankfurt west sim"]
[Site "Frankfurt"]
[Date "1996.??.??"]
[Round "?"]
[White "Haas, Frank Martin"]
[Black "Kramnik, Vladimir"]
[Result "1/2-1/2"]
[WhiteElo "2260"]
[BlackElo "2775"]
[PlyCount "53"]
[EventDate "1996.??.??"]
[EventType "simul"]
[EventRounds "1"]
[EventCountry "GER"]
[SourceTitle "EXT 2001"]
[Source "ChessBase"]
[SourceDate "2000.11.22"]
[SourceVersion "1"]
[SourceVersionDate "2000.11.22"]
[SourceQuality "1"]

1. d4 Nf6 2. Nf3 g6 3. g3 Bg7 4. Bg2 O-O 5. O-O d6 6. c4 Nbd7 7. Nc3 e5 8. e4
c6 9. h3 Re8 10. Re1 exd4 11. Nxd4 Nc5 12. Rb1 a5 13. b3 Bd7 14. Bf4 Qc7 15. a3
Nh5 16. Be3 Qc8 17. Kh2 Be5 18. b4 axb4 19. axb4 Ne6 20. f4 Bg7 21. Nde2 Nf8
22. Qxd6 Be6 23. b5 Bxc4 24. Qb4 Bxe2 25. Rxe2 Ne6 26. bxc6 bxc6 27. e5 1/2-1/2

[Event "Frankfurt west sim"]
[Site "Frankfurt"]
[Date "1996.??.??"]
[Round "?"]
[White "Horvath"]
[Black "Kramnik, Vladimir"]
[Result "1-0"]
[WhiteElo "2420"]
[BlackElo "2775"]
[PlyCount "67"]
[EventDate "1996.??.??"]
[EventType "simul"]
[EventRounds "1"]
[EventCountry "GER"]
[SourceTitle "EXT 2001"]
[Source "ChessBase"]
[SourceDate "2000.11.22"]
[SourceVersion "1"]
[SourceVersionDate "2000.11.22"]
[SourceQuality "1"]

1. d4 Nf6 2. Nf3 e6 3. Bg5 d5 4. e3 Be7 5. Nbd2 O-O 6. Bd3 c5 7. c3 Nc6 8. Ne5
h6 9. Bf4 Nxe5 10. dxe5 Nd7 11. h4 f6 12. exf6 Rxf6 13. Nf3 Qf8 14. Bc2 Rxf4
15. exf4 Qxf4 16. Qe2 Nf8 17. g3 Qd6 18. Ne5 b5 19. Qh5 Bd7 20. Qf7+ Kh8 21.
Ng6+ Nxg6 22. Qxg6 Kg8 23. Qh7+ Kf7 24. Bg6+ Kf6 25. f4 Bf8 26. O-O-O Ke7 27.
f5 e5 28. f6+ Qxf6 29. Rhf1 Qd6 30. Rf7+ Kd8 31. Qg8 Kc7 32. Bf5 Rd8 33. Bxd7
Rxd7 34. Rxf8 1-0

[Event "Frankfurt west sim"]
[Site "Frankfurt"]
[Date "1996.??.??"]
[Round "?"]
[White "Schmalfuss, Konrad"]
[Black "Kramnik, Vladimir"]
[Result "1/2-1/2"]
[WhiteElo "2045"]
[BlackElo "2775"]
[PlyCount "59"]
[EventDate "1996.??.??"]
[EventType "simul"]
[EventRounds "1"]
[EventCountry "GER"]
[SourceTitle "EXT 2001"]
[Source "ChessBase"]
[SourceDate "2000.11.22"]
[SourceVersion "1"]
[SourceVersionDate "2000.11.22"]
[SourceQuality "1"]

1. e4 c5 2. Nf3 Nc6 3. d4 cxd4 4. Nxd4 Nf6 5. Nc3 e5 6. Ndb5 d6 7. Bg5 a6 8.
Na3 b5 9. Nd5 Be7 10. Bxf6 Bxf6 11. c3 Bb7 12. Nc2 O-O 13. h4 Nb8 14. Nce3 Nd7
15. Bd3 Nb6 16. Qf3 Nxd5 17. exd5 e4 18. Qxe4 g6 19. h5 Re8 20. Qf3 Bg7 21.
hxg6 hxg6 22. O-O-O b4 23. c4 Qg5 24. Rd2 a5 25. Qh3 a4 26. Qh7+ Kf8 27. Rh3 a3
28. b3 Qf6 29. Rf3 Qa1+ 30. Bb1 1/2-1/2

[Event "Frankfurt west sim"]
[Site "Frankfurt"]
[Date "1996.??.??"]
[Round "?"]
[White "Schoenhof, Timo"]
[Black "Kramnik, Vladimir"]
[Result "1/2-1/2"]
[WhiteElo "1840"]
[BlackElo "2775"]
[PlyCount "58"]
[EventDate "1996.??.??"]
[EventType "simul"]
[EventRounds "1"]
[EventCountry "GER"]
[SourceTitle "EXT 2001"]
[Source "ChessBase"]
[SourceDate "2000.11.22"]
[SourceVersion "1"]
[SourceVersionDate "2000.11.22"]
[SourceQuality "1"]

1. Nc3 e5 2. Nf3 Nc6 3. d4 exd4 4. Nxd4 Nf6 5. Bg5 Bb4 6. Qd3 O-O 7. O-O-O Bxc3
8. Qxc3 Ne4 9. Bxd8 Nxc3 10. bxc3 Nxd8 11. e4 d6 12. Bc4 Bd7 13. Bb3 Re8 14.
Rhe1 Nc6 15. f4 Na5 16. Nf3 Nxb3+ 17. cxb3 Bc6 18. Nd2 f6 19. Re3 Re7 20. Rde1
Rae8 21. Kc2 Kf7 22. Kd3 b6 23. g3 a5 24. c4 g5 25. Nb1 gxf4 26. gxf4 Rg8 27.
Rg3 f5 28. Nc3 Rge8 29. Rge3 fxe4+ 1/2-1/2

[Event "Frankfurt west sim"]
[Site "Frankfurt"]
[Date "1996.??.??"]
[Round "?"]
[White "Zweschper, Erich"]
[Black "Kramnik, Vladimir"]
[Result "1/2-1/2"]
[WhiteElo "1915"]
[BlackElo "2775"]
[PlyCount "51"]
[EventDate "1996.??.??"]
[EventType "simul"]
[EventRounds "1"]
[EventCountry "GER"]
[SourceTitle "EXT 2001"]
[Source "ChessBase"]
[SourceDate "2000.11.22"]
[SourceVersion "1"]
[SourceVersionDate "2000.11.22"]
[SourceQuality "1"]

1. d4 Nf6 2. Bg5 e6 3. e4 h6 4. Bxf6 Qxf6 5. Nf3 d6 6. Nc3 a6 7. Qd2 Nc6 8.
O-O-O g5 9. Kb1 Bd7 10. h3 O-O-O 11. d5 Ne5 12. Qd4 Kb8 13. Qb4 Ka7 14. Qa5 Rc8
15. Nd4 Qd8 16. Be2 c5 17. Qxd8 Rxd8 18. Nf3 Ng6 19. g3 b5 20. Rd2 Kb6 21. Nd1
Kc7 22. Ne3 Bg7 23. c3 Bc8 24. Kc2 Bb7 25. a4 c4 26. Ra1 1/2-1/2

[Event "Amsterdam Euwe Memorial"]
[Site "Amsterdam"]
[Date "1996.03.23"]
[Round "2"]
[White "Timman, Jan H"]
[Black "Kramnik, Vladimir"]
[Result "1/2-1/2"]
[WhiteElo "2620"]
[BlackElo "2775"]
[Annotator "Blatny,P"]
[PlyCount "86"]
[EventDate "1996.03.22"]
[EventType "tourn"]
[EventRounds "9"]
[EventCountry "NED"]
[EventCategory "18"]
[SourceTitle "CBM 052"]
[Source "ChessBase"]
[SourceDate "1996.06.01"]
[SourceVersion "1"]
[SourceVersionDate "1996.06.01"]
[SourceQuality "1"]

1. c4 {Engqvist Kramnik} c6 2. e4 d5 3. exd5 cxd5 4. d4 Nf6 5. Nc3 Nc6 6. Bg5
e6 7. Nf3 Be7 8. c5 O-O 9. Bb5 (9. Bxf6 Bxf6 10. Bb5 Qc7 11. O-O Ne7 12. Re1
Bd7 13. b4 $14 {Stenger,W-Hoeffelmann,E/PF-chS Bellheim/1994}) 9... h6 (9...
Ne4 10. Bxe7 Nxe7 11. Rc1 b6 12. c6 Qd6 13. O-O a6 14. Qa4 Rb8 15. Bd3 b5 16.
Qc2 Nxc3 17. Qxc3 $36 {Christiansen,L-Khenkin,I/Biel op (05) ;TD 94\02 1994/1/
2-1/2 (43)}) (9... Nd7 10. Bf4 Bf6 11. O-O Re8 12. Bd6 Ne7 13. Qa4 Nf5 14. Be5
Bxe5 15. Nxe5 $14 {Palos,O-Strittmatter,N/Badenweiler op (08) ;GER 04 1988/1-0
(43)}) (9... Bd7 10. Bxc6 Bxc6 11. O-O b6 12. Ne5 Bb7 13. b4 Rc8 14. Qd3 Nd7
15. Bxe7 Qxe7 16. Nxd7 Qxd7 17. f4 f6 18. Rae1 $14 {Alberts,G-Richter,B/
VLSBaden 9293 (1993) ;GER 04 1993/1/2-1/2 (47)}) 10. Bxf6 (10. Bf4 Ne4 11. Nxe4
dxe4 12. Bxc6 bxc6 13. Ne5 Qd5 14. O-O g5 15. Bg3 Kg7 16. Qh5 Bd7 17. Ng4 Rh8
18. Ne3 {1-0 Berg,K-Ostl,A/BL 8687 (1986) ;BL 1987}) (10. Bh4 {Engqvist} Ne4
$10) 10... Bxf6 11. O-O (11. Bxc6 bxc6 12. O-O {+/=/=}) 11... Ne7 $1 12. b4 b6
13. Qd2 bxc5 (13... a5 14. a3) 14. bxc5 Bd7 15. Rab1 Rb8 (15... Bc6 16. Bxc6
Nxc6 17. Rb7 {/\Rfb1}) 16. Rb3 Bxb5 17. Nxb5 a6 18. Nc3 Rxb3 19. axb3 Nc6 {><b4
} 20. Rb1 a5 21. Ne2 Qc7 22. h4 Rb8 23. g4 Rb4 24. Qe3 (24. g5) 24... a4 25.
Kg2 $2 (25. g5 hxg5 26. hxg5 Bxd4 27. Nexd4 Nxd4 28. Nxd4 Qxc5 29. Rd1 axb3 $13
) (25. g5) 25... Nxd4 $1 (25... Qb8 {Engqvist} 26. g5 hxg5 27. hxg5 Be7 28. g6
$1 $13 (28. Nd2 g6 $1 29. Rh1 Bf8 {/\ Bg7 >< d4})) 26. Nexd4 (26. Nfxd4 Qxc5
27. Rc1 Bxd4 28. Qd3 Rxb3 29. Qxd4 Qxd4 30. Nxd4 Rb4 31. Rd1 a3 $17) 26... Bxd4
(26... Qxc5 27. Rd1 (27. Ra1 Bxd4 28. Nxd4 Qxd4 29. Qxd4 Rxd4 30. Rxa4 Rd2 $17)
(27. Rc1 Bxd4 28. Rxc5 Bxe3 29. fxe3 axb3 $19) 27... axb3 $15 (27... axb3 28.
g5 Bxd4 29. Nxd4 b2 $19)) 27. Nxd4 Qxc5 28. Nf3 Rxg4+ $2 (28... Qc2 $142 $1 $19
{Kramnik} 29. Rc1 Qxb3 $36) 29. Kh3 Qxe3 30. fxe3 Rb4 31. Nd2 $1 g5 32. hxg5
hxg5 33. bxa4 Rxa4 34. Kg3 Kg7 35. Nf3 Kg6 36. Ne5+ Kf6 37. Ng4+ Kg7 38. Rb7
Re4 39. Kf3 Kg6 40. Rb6 Kf5 41. Nh6+ Kg6 42. Ng4 Ra4 43. Rb7 Re4 1/2-1/2

[Event "Amsterdam Euwe Memorial"]
[Site "Amsterdam"]
[Date "1996.03.24"]
[Round "3"]
[White "Kramnik, Vladimir"]
[Black "Piket, Jeroen"]
[Result "1/2-1/2"]
[WhiteElo "2775"]
[BlackElo "2570"]
[Annotator "Lutz,C"]
[PlyCount "37"]
[EventDate "1996.03.22"]
[EventType "tourn"]
[EventRounds "9"]
[EventCountry "NED"]
[EventCategory "18"]
[SourceTitle "CBM 052"]
[Source "ChessBase"]
[SourceDate "1996.06.01"]
[SourceVersion "1"]
[SourceVersionDate "1996.06.01"]
[SourceQuality "1"]

1. Nf3 Nf6 2. c4 g6 3. Nc3 Bg7 4. d4 O-O 5. e4 d6 6. Be2 Bg4 7. Be3 Nfd7 8. Rc1
(8. Ng1) (8. h4) 8... a6 (8... e5) (8... c5) 9. d5 (9. O-O c5 10. d5 Bxf3 11.
Bxf3 b5) 9... Bxf3 10. Bxf3 b5 $1 11. cxb5 axb5 12. Qb3 (12. a3 c5) (12. Nxb5
Rxa2 13. b3 $2 c6 $1 14. dxc6 Qa5+) 12... c5 $1 {Ohne diesen Zug sähe es
schlecht aus für Schwarz.} 13. Qxb5 (13. dxc6 Nxc6 14. Qxb5 (14. Nxb5 Qa5+ 15.
Nc3 (15. Bd2 Qb6) 15... Rfb8 $44) 14... Nde5 15. O-O (15. Be2 Rb8) 15... Nxf3+
16. gxf3 Nd4 17. Bxd4 Bxd4 $44 {[%csl Ra2,Rb2,Rf3][%cal Ye7e6,Yd8h4,Yd4b2,
Ya8a2] und die vielfältigen weißen Schwächen (a2, b2, f3) sind genügender
Ersatz für den Bauern.}) 13... Qa5 14. Qxa5 Rxa5 $44 {[%csl Ra2,Rb2] Wie es in
Wolga-Gambit-Strukturen üblich ist, wird Weiß mit seinem Mehrbauern nicht
glücklich.} 15. a3 Nb6 16. Ke2 N8d7 17. Bd2 Rb8 18. Rc2 Na4 19. b4 (19. b4
Nxc3+ 20. Bxc3 Rxa3 21. Bxg7 Kxg7 22. bxc5 Nxc5 23. Rd1 (23. e5 Nb3) 23... Kf6
$15 {hätte Schwarz gut noch weiterspielen können.}) 1/2-1/2